Učiteľ je v procese rozpadu rodiny neraz ako mediátor

Rozhovor s JUDr. Dagmar Tragalovou, právničkou, mediátorkou, lektorkou, o spolupráci rodiny a školy. Pohľad na rôzne konfliktné situácie a modely spolužitia ako i vnímanie potrieb detí počas školskej dochádzky.

Saved in:
Bibliographic Details
Main Author: Tragalová, Dagmar
Format: Book Chapter
Language:Slovak
Subjects:
Tags: Add Tag
No Tags, Be the first to tag this record!

MARC

LEADER 00000naa a2200000 4500
001 0231129
005 20211012074843.6
041 0 |a slo 
044 |a SK 
245 1 0 |a Učiteľ je v procese rozpadu rodiny neraz ako mediátor  |c Dagmar Tragalová 
520 |a Rozhovor s JUDr. Dagmar Tragalovou, právničkou, mediátorkou, lektorkou, o spolupráci rodiny a školy. Pohľad na rôzne konfliktné situácie a modely spolužitia ako i vnímanie potrieb detí počas školskej dochádzky. 
610 2 0 |a rozhovor 
610 2 0 |a mediátori 
610 2 0 |a mediácia 
610 2 0 |a komunikácia 
610 2 0 |a konflikty 
610 2 0 |a kolektív 
610 2 0 |a kooperácia 
610 2 0 |a rodina 
610 2 0 |a školy 
610 2 0 |a deti 
610 2 0 |a školstvo 
100 1 |a Tragalová, Dagmar